Catálogo
 En Linea

Quimeras de mi adolescencia : (Registro nro. 54249)

Detalles MARC
000 -CABECERA
campo de control de longitud fija 01555nam a2200313 i 4500
001 - NÚMERO DE CONTROL
campo de control 000019759
003 - IDENTIFICADOR DEL NÚMERO DE CONTROL
campo de control DO-SdBNP
005 - FECHA Y HORA DE LA ÚLTIMA TRANSACCIÓN
campo de control 20240223180702.0
007 - CAMPO FIJO DE DESCRIPCIÓN FÍSICA--INFORMACIÓN GENERAL
campo de control de longitud fija ta
008 - DATOS DE LONGITUD FIJA--INFORMACIÓN GENERAL
campo de control de longitud fija 100705s2020 dr a r 000 f spa d
020 ## - NÚMERO INTERNACIONAL ESTÁNDAR DEL LIBRO
Número Internacional Estándar del Libro 9789945883862
040 ## - FUENTE DE LA CATALOGACIÓN
Centro catalogador/agencia de origen DO-SdBNP
Lengua de catalogación spa
Centro/agencia transcriptor BNPHU
Normas de descripción rda
082 ## - NÚMERO DE LA CLASIFICACIÓN DECIMAL DEWEY
Número de clasificación 808
Número de documento/Ítem Q69
Número de edición 22
245 10 - MENCIÓN DE TÍTULO
Título Quimeras de mi adolescencia :
Resto del título cuentos y poesías de mi inspiración /
Mención de responsabilidad, etc. Tallerista Dania Martínez: prólogo, Nan Chavalier
264 ## - PRODUCCIÓN, PUBLICACIÓN, DISTRIBUCIÓN, FABRICACIÓN Y COPYRIGHT
Producción, publicación, distribución, fabricación y copyright Puerto Plata, República Dominicana :
Nombre del de productor, editor, distribuidor, fabricante Renovación ,
Fecha de producción, publicación, distribución, fabricación o copyright 2020
300 ## - DESCRIPCIÓN FÍSICA
Extensión 45 paginas :
Otras características físicas Ilustraciones ;
Dimensiones 22 cm.
336 ## - TIPO DE CONTENIDO
Fuente rdacontent
Término de tipo de contenido texto
Código de tipo de contenido txt
337 ## - TIPO DE MEDIO
Fuente rdamedia
Nombre/término del tipo de medio sin mediación
Código del tipo de medio n
338 ## - TIPO DE SOPORTE
Fuente rdacarrier
Nombre/término del tipo de soporte volumen
Código del tipo de soporte nc
500 ## - NOTA GENERAL
Nota general Concurso literario por nuestro país primero, ediciones renovación, 2020
505 ## - NOTA DE CONTENIDO CON FORMATO
Nota de contenido con formato Presentación.-- Prólogo.
Título Premio José Ramón López, cuento.-- El afinador de pianos.-- En el bosque.-- El espectador de almas.-- Memoria.-- Nace dos estaciones.-- Donde las hojas caen.-- Premio Salomé Ureña, poesía.-- Brillo dorado.-- Querido lobo.-- Quien observa.-- Gurrero de la patria.-- Orgullo dominicano.-- El amanecer.-- Oda del miedo: La irracionalidad de los invisible.-- Navidad.-- Veredicto.
586 ## - NOTA DE PREMIOS
Nota de premios Premio José Ramón López. / Cuento 16 a 18 años.<br/>Premio Salomé Ureña. / Poesía 16 a 18 años.
590 ## - NOTA LOCAL (RLIN)
Nota local Inventariado, 2023 / DG
650 #4 - PUNTO DE ACCESO ADICIONAL DE MATERIA--TÉRMINO DE MATERIA
Término de materia o nombre geográfico como elemento de entrada Literatura juvenil
9 (RLIN) 9038
700 1# - PUNTO DE ACCESO ADICIONAL--NOMBRE DE PERSONA
Nombre de persona Chavalier, Nan
Fechas asociadas al nombre 1965-
Término indicativo de función/relación prólogo
9 (RLIN) 83856
700 1# - PUNTO DE ACCESO ADICIONAL--NOMBRE DE PERSONA
Nombre de persona Martínez, Diana,
Término indicativo de función/relación tallerista
9 (RLIN) 83840
910 ## - DATOS DE OPCIÓN DEL USUARIO (OCLC)
Datos de opción del usuario DG
942 ## - ELEMENTOS DE PUNTO DE ACCESO ADICIONAL (KOHA)
Fuente del sistema de clasificación o colocación Dewey Decimal Classification
Tipo de ítem Koha Folleto
Existencias
Estado de retiro Estado de pérdida Fuente del sistema de clasificación o colocación Restricciones de uso No para préstamo Código de colección Localización permanente Ubicación/localización actual Ubicación en estantería Fecha de adquisición Fuente de adquisición Total de préstamos Signatura topográfica completa Código de barras Fecha visto por última vez Precio válido a partir de Tipo de ítem Koha Número de copia
    Dewey Decimal Classification Excluido de préstamo   Dominicana Folletos Biblioteca Nacional Pedro Henríquez Ureña Biblioteca Nacional Pedro Henríquez Ureña En catalogación 27.07.2023 deposito legal   BNPHU F-PD 808 Q69 2023-5042 27.07.2023 27.07.2023 Folleto  
    Dewey Decimal Classification Excluido de préstamo   Patrimonio Dominicano Biblioteca Nacional Pedro Henríquez Ureña Biblioteca Nacional Pedro Henríquez Ureña En catalogación 27.01.2022 Depósito Legal / Ediciones Renovación   808 Q69 2023-5084 31.07.2023 31.07.2023 Folleto e.2

Con tecnología Koha